00437nam a22001577a 450000500170000001000150001702000260003203500140005803700130007208200100008510000170009524500510011226000350016327000600019830000210025820181129160924.0 aENG-116757 a9789351658450c125.00 aEN-100289 bDBAD/PUB a158.1 a Sinha,Surya aSelf victory is true victory /cby Surya Sinha aNew DelhibDiamond Booksc2015 aX-30,Okhla Industrial Area, Phase-IIbNew Delhie110020 a104p.c22cm(pbk)